Normal view MARC view
  • Supervisor Dr. Ayesha Zeb Dr. Mohsin Islam Tiwana Dr. Hamid Jabbar

Entry Corporate Name

Number of records used in: 1

001 - CONTROL NUMBER

  • control field: 122881

003 - CONTROL NUMBER IDENTIFIER

  • control field: NUST

005 - DATE AND TIME OF LATEST TRANSACTION

  • control field: 20240522184142.0

008 - FIXED-LENGTH DATA ELEMENTS

  • fixed length control field: 240522|| aca||aabn | a|a d

040 ## - CATALOGING SOURCE

  • Original cataloging agency: NUST
  • Transcribing agency: NUST

110 ## - HEADING--CORPORATE NAME

  • Corporate name or jurisdiction name as entry element: Supervisor Dr. Ayesha Zeb Dr. Mohsin Islam Tiwana Dr. Hamid Jabbar

670 ## - SOURCE DATA FOUND

  • Source citation: Work cat.: (NUST): Bilal Arif Muhammad Umer Khan Azhar Ali Khan Anees Ur Rehman 122880, PR-SOF-2332-Unmanned Aerial Vehicle (UAV) Light Show System, 2023.
© 2023 Central Library, National University of Sciences and Technology. All Rights Reserved.